Catalog

Record Details

Catalog Search



Arcibáby, aneb, Živote, já nechci, abys byl vošklivej!  Cover Image Book Book

Arcibáby, aneb, Živote, já nechci, abys byl vošklivej! / Marie Kubátová

Record details

  • ISBN: 80-86631-27-3
  • Physical Description: 177 s. ; 17 cm
  • Edition: Vyd. 1.
  • Publisher: Praha : Sláfka, 2005
Genre: české povídky
Czech short stories

Available copies

  • 1 of 1 copy available at Common Catalog SPOK.

Holds

  • 0 current holds with 1 total copy.
Show All Copies
Location Call Number / Copy Notes Barcode Shelving Location Status Due Date
KDS Library 810 KuM 204576803707 Library Available -

LDR 01037cam a2200313 a 4500
00123325
003CZ-PrJAB
00520151022115012.0
007ta
008050606s2005 xr g 000 j cze
015 . ‡acnb001570023
020 . ‡a80-86631-27-3 ‡q(váz.) : ‡cKč 179,00
035 . ‡a(CZ PrNK)nkc20051570023
035 . ‡a(OCoLC)70889516
040 . ‡aBOA001 ‡bcze ‡dABA001 ‡dOLA001
072 7. ‡a821.162.3-3 ‡xČeská próza ‡2Konspekt ‡925
080 . ‡a821.162.3-32 ‡2MRF
080 . ‡a(0:82-32) ‡2MRF
1001 . ‡aKubátová, Marie, ‡d1922-2013 ‡7jk01070282 ‡4aut
24510. ‡aArcibáby, aneb, Živote, já nechci, abys byl vošklivej! / ‡cMarie Kubátová
24630. ‡aŽivote, já nechci, abys byl vošklivej!
250 . ‡aVyd. 1.
260 . ‡aPraha : ‡bSláfka, ‡c2005
300 . ‡a177 s. ; ‡c17 cm
655 7. ‡ačeské povídky ‡7fd133971 ‡2czenas
655 9. ‡aCzech short stories ‡2eczenas
910 . ‡aABE463
9289 . ‡aSlávka Kopecká
998 . ‡a001570023
901 . ‡a23325 ‡b ‡c23325 ‡tbiblio

Additional Resources